000 00531nam a22001697a 4500
003 ZET-ke
005 20260318062814.0
008 260318b |||||||| |||| 00| 0 eng d
020 _a9789966100528
040 _aDLC
_beng
_cDLC
_dZET-ke
050 _aQD31.2
_b.K46 2011
100 _aKenya Literature Bureau
_928786
245 _aSecondary chemistry form four
260 _aNairobi:
_bKenya Literature bureau,
_c2011.
300 _axi, 236p.:
_bill., tables, graphs;
_c25 cm.
942 _2lcc
_cBK
_hQD31.2
_kQD31.2
_m.K46
999 _c10028
_d10028